Statystyki dla Państwa Azji w losowej kolejności

Kliknij tutaj aby rozwiązać quiz!

Ogólne statystyki

  • Ten quiz został rozwiązany 28 razy
  • Średni wynik to 37 z 48

Odpowiedzi na mapie

Odpowiedzi skodowane kolorowo w zielono-czerwonej skali na mapie do tego quizu, zgodnie z poniższymi procentami.
 

Statystyki odpowiedzi

Państwo% Poprawnych
Arabia Saudyjska
90%
Indie
85%
Jemen
85%
Kuwejt
85%
Mjanma
85%
Mongolia
85%
Nepal
85%
Pakistan
85%
Armenia
80%
Azerbejdżan
80%
Bahrajn
80%
Bangladesz
80%
Cypr
80%
Filipiny
80%
Gruzja
80%
Izrael
80%
Katar
80%
Kazachstan
80%
Korea Północna
80%
Malediwy
80%
Syria
80%
Tadżykistan
80%
Turkmenistan
80%
Uzbekistan
80%
Zjednoczone Emiraty Arabskie
80%
Afganistan
75%
Chiny
75%
Irak
75%
Iran
75%
Japonia
75%
Kirgistan
75%
Korea Południowa
75%
Laos
75%
Liban
75%
Oman
75%
Singapur
75%
Tajwan
75%
Timor Wschodni
75%
Turcja
75%
Wietnam
75%
Bhutan
70%
Indonezja
70%
Kambodża
70%
Malezja
70%
Sri Lanka
70%
Tajlandia
70%
Brunei
65%
Jordania
60%

Rozkład punktacji

Percentyl według liczby udzielonych odpowiedzi

Procent ludzi z każdym wynikiem

Twoja historia wyników

Nie rozwiązałeś tego quizu